[Event "AUTO-OPEN-1191"]
[Site "http://www.queenalice.com/game.php?id=430739"]
[Date "2008.7.10"]
[Round "1"]
[White "salso"]
[Black "DeOliveira"]
[Result "1-0"]
[WhiteElo "2006"]
[BlackElo "1578"]

1. d4 e6 2. e4 g6 3. h4 Bg7 4. h5 gxh5 5. Qxh5 Nc6 6. c3 b6 7. e5 Bb7 8. Bg5
Nge7 9. Rh4 Nxe5 10. dxe5 d6 11. Rf4 Rf8 12. Qxh7 Bxe5 13. Rh4 Qd7 14. Nf3 O-O-O
15. Bxe7 Qxe7 16. Nxe5 dxe5 17. Nd2 Qd6 18. O-O-O e4 19. Be2 Bd5 20. Nxe4 Qc6
21. f3 Bxa2 22. Rxd8+ Kxd8 23. Qg7 Ke7 24. Qf6+ Ke8 25. Qe5 a5 26. Bb5 1-0

[Event "AUTO-OPEN-1191"]
[Site "http://www.queenalice.com/game.php?id=430740"]
[Date "2008.7.10"]
[Round "1"]
[White "DeOliveira"]
[Black "salso"]
[Result "0-1"]
[WhiteElo "1458"]
[BlackElo "2020"]

1. e4 e5 2. Nf3 Nc6 3. Bb5 Nge7 4. O-O g6 5. Nc3 Bg7 6. Re1 a6 7. Bc4 b5 8. Bd5
b4 9. Bxc6 dxc6 10. Ne2 Bg4 11. Ng3 O-O 12. h3 Bxf3 13. Qxf3 c5 14. c3 Qd6 15.
cxb4 cxb4 16. a3 Nc6 17. b3 Nd4 18. Qe3 c5 19. Ra2 Qe6 20. axb4 Qxb3 21. Qxb3
Nxb3 22. bxc5 Rfc8 23. d3 Nxc5 24. Rd1 a5 25. Be3 h5 26. f3 a4 27. f4 exf4 0-1

[Event "AUTO-OPEN-1191"]
[Site "http://www.queenalice.com/game.php?id=430764"]
[Date "2008.7.10"]
[Round "1"]
[White "DeOliveira"]
[Black "li2carpio"]
[Result "1/2-1/2"]
[WhiteElo "1500"]
[BlackElo "1889"]

1. e4 c5 2. Nf3 Nc6 3. Bc4 h6 4. c3 d6 5. d4 cxd4 6. cxd4 a6 7. O-O e6 8. Re1
Be7 9. Nc3 Nf6 10. d5 Na5 11. dxe6 Nxc4 12. Qa4+ b5 13. Nxb5 Bxe6 14. Nxd6+ Kf8
15. Nxc4 Kg8 16. e5 Nd5 17. Nd4 Qc7 18. Nxe6 fxe6 19. Be3 Kf7 20. Rac1 Qb7 21.
Nd6+ Bxd6 22. exd6 Rhd8 23. Bf4 Kg8 24. Rxe6 Qf7 25. Re4 Rac8 26. Rxc8 Rxc8 27.
h3 Rf8 28. Bg3 h5 29. d7 Nb6 30. Qxa6 Nxd7 31. b4 Nf6 32. Rf4 Qd5 33. Qc4 Qxc4
34. Rxc4 Ra8 35. Bh4 Rxa2 36. Bxf6 gxf6 37. Kf1 Kf7 38. g4 hxg4 39. hxg4 Rb2 40.
f4 Kg6 41. Ke1 f5 42. gxf5+ Kxf5 43. Kd1 Rf2 44. b5 Rb2 45. Ke1 Rxb5 46. Ke2 Rb3
47. Kf2 Rd3 48. Ke2 Rb3 49. Kf2 Ra3 50. Ke2 Rb3 1/2-1/2

[Event "AUTO-OPEN-1191"]
[Site "http://www.queenalice.com/game.php?id=430779"]
[Date "2008.7.10"]
[Round "1"]
[White "DeOliveira"]
[Black "cardi"]
[Result "0-1"]
[WhiteElo "1500"]
[BlackElo "2128"]

1. Nf3 d5 2. c4 Nf6 3. cxd5 Nxd5 4. Nc3 Nxc3 5. bxc3 Nc6 6. e4 e5 7. d4 exd4 8.
cxd4 Bg4 9. Be3 Bb4+ 10. Bd2 Bxf3 11. gxf3 Qxd4 12. Rc1 O-O-O 0-1

[Event "AUTO-OPEN-1191"]
[Site "http://www.queenalice.com/game.php?id=430780"]
[Date "2008.7.10"]
[Round "1"]
[White "cardi"]
[Black "DeOliveira"]
[Result "1-0"]
[WhiteElo "2129"]
[BlackElo "1500"]

1. e4 e5 2. f4 exf4 3. Nf3 Be7 4. Bc4 Bh4+ 5. Kf1 c6 6. Nc3 d6 7. d4 Bg4 8. Bxf4
Nf6 9. h3 Bxf3 10. Qxf3 d5 11. exd5 cxd5 12. Bb5+ Nfd7 13. Bd6 Nc6 14. Nxd5 1-0

[Event "Challenge"]
[Site "http://www.queenalice.com/game.php?id=431324"]
[Date "2008.7.11"]
[Round "-"]
[White "XaraX"]
[Black "DeOliveira"]
[Result "1-0"]
[WhiteElo "1775"]
[BlackElo "1578"]

1. d4 e6 2. c4 c5 3. d5 exd5 4. cxd5 Nf6 5. Nc3 b6 6. e4 d6 7. Nf3 Be7 8. Bb5+
Bd7 9. O-O Bxb5 10. Nxb5 a6 11. Nc3 Nbd7 12. Re1 O-O 13. a4 Ne8 14. b3 f5 15. e5
dxe5 16. Nxe5 Nxe5 17. Rxe5 Bf6 18. Re3 f4 19. Rf3 Nd6 20. Qd3 Rc8 21. Bxf4 Bxc3
22. Qxc3 Ne4 23. Qd3 Qf6 24. Re1 Rce8 25. Bd2 Nxd2 26. Qxd2 Rxe1+ 27. Qxe1 Qd4
28. Qe6+ Rf7 29. Qe8+ 1-0

[Event "AUTO-OPEN-1192"]
[Site "http://www.queenalice.com/game.php?id=431395"]
[Date "2008.7.11"]
[Round "1"]
[White "trajan42"]
[Black "DeOliveira"]
[Result "1-0"]
[WhiteElo "1909"]
[BlackElo "1500"]

1. d4 d5 2. c4 dxc4 3. Nf3 g6 4. e4 Bg7 5. Bxc4 Bg4 6. O-O e6 7. Qb3 Ne7 8. Qxb7
Nd7 9. Nbd2 O-O 10. h3 Bxf3 11. Nxf3 a5 12. Bf4 c5 13. Bb5 Nf6 14. dxc5 Re8 15.
Bxe8 Qxe8 16. Rad1 Nh5 17. Rd7 Nxf4 18. Rxe7 Qf8 19. Ng5 e5 20. Rxf7 1-0

[Event "AUTO-OPEN-1192"]
[Site "http://www.queenalice.com/game.php?id=431396"]
[Date "2008.7.11"]
[Round "1"]
[White "DeOliveira"]
[Black "trajan42"]
[Result "0-1"]
[WhiteElo "1549"]
[BlackElo "1988"]

1. d4 Nf6 2. c4 e6 3. Nc3 Bb4 4. Qb3 Bxc3+ 5. Qxc3 d6 6. Nf3 O-O 7. g3 Nc6 8.
Bg2 h6 9. O-O Re8 10. e3 Ne4 11. Qc2 d5 12. cxd5 exd5 13. Nd2 Bf5 14. Nxe4 Bxe4
15. Bxe4 dxe4 16. Bd2 Qd5 17. Rae1 Qxa2 18. f3 Qd5 19. fxe4 Rxe4 20. Re2 Nxd4
21. Qd1 Nxe2+ 22. Qxe2 Rd8 23. Bc3 Qd3 24. Qh5 Qxe3+ 25. Kh1 Re7 26. Re1 Qg5 0-1

[Event "AUTO-OPEN-1192"]
[Site "http://www.queenalice.com/game.php?id=431421"]
[Date "2008.7.11"]
[Round "1"]
[White "allazzarini"]
[Black "DeOliveira"]
[Result "1-0"]
[WhiteElo "2068"]
[BlackElo "1458"]

1. e4 e5 2. Nf3 Nc6 3. Bb5 Nf6 4. O-O d6 5. Re1 a6 6. Ba4 b5 7. Bb3 Be7 8. c3
Bg4 9. d3 O-O 10. Nbd2 b4 11. Nf1 bxc3 12. bxc3 d5 13. Ne3 dxe4 14. dxe4 Qxd1
15. Bxd1 Nxe4 16. Nxg4 Nxc3 17. Bb3 e4 18. Nfe5 Nxe5 19. Nxe5 1-0

[Event "AUTO-OPEN-1192"]
[Site "http://www.queenalice.com/game.php?id=431422"]
[Date "2008.7.11"]
[Round "1"]
[White "DeOliveira"]
[Black "allazzarini"]
[Result "0-1"]
[WhiteElo "1458"]
[BlackElo "2066"]

1. d4 Nf6 2. c4 g6 3. Nc3 Bg7 4. Nf3 O-O 5. g3 d6 6. Bg2 Nbd7 7. O-O c5 8. e3
Rb8 9. b3 a6 10. d5 b5 11. a3 Nxd5 12. Qxd5 Bxc3 13. Ra2 Bb7 14. Qd3 Bg7 15.
cxb5 axb5 16. a4 bxa4 17. bxa4 Qa5 18. Bd2 Qa8 0-1

[Event "AUTO-OPEN-1192"]
[Site "http://www.queenalice.com/game.php?id=431439"]
[Date "2008.7.11"]
[Round "1"]
[White "DeOliveira"]
[Black "filatelista"]
[Result "0-1"]
[WhiteElo "1549"]
[BlackElo "1950"]

1. e4 c5 2. Nf3 d6 3. c3 e5 4. d4 cxd4 5. cxd4 Bg4 6. d5 Nf6 7. Bd3 Be7 8. Be3
O-O 9. O-O a6 10. Nbd2 b5 11. Be2 Bxf3 12. Bxf3 Nbd7 13. Be2 h6 14. f4 exf4 15.
Bxf4 Rc8 16. a4 Qb6+ 17. Kh1 b4 18. Nc4 Qd8 19. Qd2 a5 20. Bd3 Nxe4 21. Bxe4
Rxc4 22. Bd3 Rc5 23. Rf3 Nf6 24. Rg3 Nh5 25. Rg4 Nxf4 26. Rxf4 Bf6 0-1

[Event "AUTO-OPEN-1192"]
[Site "http://www.queenalice.com/game.php?id=431440"]
[Date "2008.7.11"]
[Round "1"]
[White "filatelista"]
[Black "DeOliveira"]
[Result "1-0"]
[WhiteElo "1952"]
[BlackElo "1549"]

1. Nf3 c5 2. c4 Nc6 3. Nc3 e6 4. e4 Be7 5. Be2 d6 6. d3 Nf6 7. O-O O-O 8. a3 h6
9. h3 Nh7 10. Rb1 f5 11. exf5 exf5 12. Nd5 Be6 13. Nxe7+ Qxe7 14. Be3 f4 15. Bd2
Ng5 16. Kh2 Nxf3+ 17. Bxf3 Nd4 18. Bc3 Nxf3+ 19. Qxf3 Qd7 20. Rbe1 Rae8 21. Re4
d5 22. Rxf4 Rxf4 23. Qxf4 Rf8 24. Qh4 d4 25. Bd2 a6 26. Qg3 1-0

[Event "AUTO-OPEN-1200"]
[Site "http://www.queenalice.com/game.php?id=434528"]
[Date "2008.7.17"]
[Round "1"]
[White "DeOliveira"]
[Black "ilhado"]
[Result "0-1"]
[WhiteElo "1504"]
[BlackElo "1870"]

1. e4 e5 2. Nf3 f5 3. Nxe5 Qf6 4. d4 d6 5. Nc4 fxe4 6. Ne3 Qf7 7. Nc3 Nf6 8. Be2
d5 9. O-O Bd6 10. f3 Qh5 11. h3 Qg6 12. fxe4 dxe4 13. Ng4 Bxg4 14. Bxg4 h5 15.
Bf5 Qg3 16. Nxe4 Qh2+ 0-1

[Event "AUTO-OPEN-1200"]
[Site "http://www.queenalice.com/game.php?id=434529"]
[Date "2008.7.17"]
[Round "1"]
[White "ilhado"]
[Black "DeOliveira"]
[Result "1-0"]
[WhiteElo "1881"]
[BlackElo "1458"]

1. e4 c5 2. Nf3 d6 3. d4 cxd4 4. Nxd4 Bd7 5. Nc3 Nc6 6. Be3 e5 7. Nb3 Be7 8. Be2
Nf6 9. Bg5 O-O 10. Bxf6 Bxf6 11. Nd5 Be7 12. Qd3 a5 13. O-O f5 14. Qc4 Kh8 15.
c3 fxe4 16. Nxe7 Qxe7 17. Rad1 Rac8 18. Qxe4 1-0

[Event "AUTO-OPEN-1200"]
[Site "http://www.queenalice.com/game.php?id=434530"]
[Date "2008.7.17"]
[Round "1"]
[White "DeOliveira"]
[Black "od_xavier"]
[Result "0-1"]
[WhiteElo "1458"]
[BlackElo "1708"]

1. e4 e5 2. Nf3 Nc6 3. Bb5 Nf6 4. O-O Bc5 5. Bxc6 dxc6 6. d3 Bg4 7. Bg5 O-O 8.
Nbd2 h6 9. Be3 Bxe3 10. fxe3 Qe7 11. Qe1 Rad8 12. d4 exd4 13. exd4 Bxf3 14. Nxf3
Nxe4 15. c3 c5 16. Nd2 f5 17. Nxe4 fxe4 18. Rxf8+ Rxf8 19. dxc5 Qxc5+ 20. Kh1 e3
0-1

[Event "AUTO-OPEN-1200"]
[Site "http://www.queenalice.com/game.php?id=434531"]
[Date "2008.7.17"]
[Round "1"]
[White "od_xavier"]
[Black "DeOliveira"]
[Result "1-0"]
[WhiteElo "1714"]
[BlackElo "1452"]

1. e4 c5 2. Nf3 Nc6 3. Bb5 d6 4. d4 cxd4 5. Nxd4 Bd7 6. Nf3 g6 7. Nc3 Bg7 8. O-O
Nf6 9. Bg5 O-O 10. Qe2 Ne8 11. Rad1 f6 12. Bh4 f5 13. Nd5 Nf6 14. e5 Nxd5 15.
Rxd5 Be6 16. Rdd1 Qc7 17. Ng5 Bc8 18. e6 Bxb2 19. h3 Bf6 20. c3 a6 21. Bc4 1-0

[Event "AUTO-OPEN-1200"]
[Site "http://www.queenalice.com/game.php?id=434532"]
[Date "2008.7.17"]
[Round "1"]
[White "DeOliveira"]
[Black "turker_dilber"]
[Result "0-1"]
[WhiteElo "1458"]
[BlackElo "1985"]

1. e4 c5 2. Nf3 Nc6 3. Nc3 g6 4. Bb5 Bg7 5. Bxc6 dxc6 6. h3 Nf6 7. O-O O-O 8. d4
cxd4 9. Nxd4 Nxe4 10. Nxe4 Bxd4 11. c3 Bg7 12. Qe2 Bf5 13. Ng3 Bd3 14. Qe3 Bxf1
15. Kxf1 Bh6 16. f4 Re8 17. Qf3 f5 18. Be3 Qd3+ 0-1

[Event "AUTO-OPEN-1200"]
[Site "http://www.queenalice.com/game.php?id=434533"]
[Date "2008.7.17"]
[Round "1"]
[White "turker_dilber"]
[Black "DeOliveira"]
[Result "1-0"]
[WhiteElo "1987"]
[BlackElo "1458"]

1. e4 c5 2. Nf3 d6 3. d4 cxd4 4. Qxd4 Bd7 5. Nc3 Nc6 6. Qd1 g6 7. Be3 Bg7 8. Qd2
a5 9. Be2 Nf6 10. O-O O-O 11. Bh6 e5 12. Bxg7 Kxg7 13. Qxd6 Ne8 14. Qd2 Nf6 15.
Rfe1 Ne8 16. Bb5 Nc7 17. Bxc6 Bxc6 18. Qxd8 Raxd8 19. Nxe5 1-0